00369nam a2200133Ia 4500003000400000005001700004008004100021040001800062041000800080100005400088110002700142245004600169260002000215OSt20260303102152.0211028s2003 xx 000 0 und d cAIMIT LIBRARY aeng aCutinho, Caroline U;D Souza, Anil Prakash.g92159 aD Souza, Anil Prakash. aFuel pump test plan automation software / aBangalorec2003